000 00779nas a2200277 4500
001 BR0805647
003 BR-BrBNA
005 20231205112429.0
007 ta
008 230509b bl.|||p| |||| 00| 00por d
040 _aBR-BrBNA
_bpor
_cBiblioteca Nacional de Agricultura
041 _a(Pt)
072 _aL74
100 1 _aMota, R.A.
100 1 _aFerre, I.
100 1 _aFaria, E.B.
245 1 _aSituação da neosporose bovina no Brasil e métodos de diagnóstico
650 _aBOVINO
650 _aPROTOZOARIO
650 _aABORTO
650 _aNEOSPOROSE
650 _aDIAGNOSTICO
773 0 _tMedicina Veterinaria (Brazil)
_xISSN 1809-4678
_g(Jan-Mar 2008), v. 2(1) p. 38-48
_wBR0805647
909 _a202311
_bLúcia
_c55
_dLúcia Elande
942 _2AGRIS
_n0
_cANA
999 _c198036
_d198036